| 000 | 01001nam a2200265 a 4500 | ||
|---|---|---|---|
| 003 | DO-SdBNP | ||
| 005 | 20221116140051.0 | ||
| 007 | ta | ||
| 008 | 221116e2022 dr ao||gr|||| 001 0 spa d | ||
| 020 | _a9789945935905 | ||
| 040 |
_aDO-SdBNP _bspa _cBNPHU |
||
| 082 | 4 |
_222 _bN124a |
|
| 100 | 1 |
_923142 _aNacidit-Perdomo, Ylonka |
|
| 245 | 1 | 3 |
_aLa alta costura también tiene sus musas. / _cYlonka Nacidit-Perdomo. |
| 260 |
_aSanto Domingo : _bEncajes La Rosario, _c2022 |
||
| 300 |
_a41 p. : _bil., fotogr. ; _c23 cm. |
||
| 500 | _aIncluye notas p. 41 | ||
| 505 |
_aUn reto para un inicio. / _rVicky Jáquez.-- _tLa alta costura también tiene su investigadora. / _rPedro Antonio Valdez.-- _tLa alta costura también tiene sus musas. |
||
| 590 | _aInventariado 2022 / MF | ||
| 650 | 4 |
_936989 _aCostura _xRepública Dominicana |
|
| 650 |
_922271 _aModa _xRepública Dominicana |
||
| 710 | 2 |
_aInstituto Técnico Superior Mercy Jáquez, República Dominicana _982836 |
|
| 910 | _aMFeliz | ||
| 942 |
_2ddc _cLF2 |
||
| 999 |
_c52955 _d52955 |
||